Top 15 Least Democratic Countries in The World - Statistics

General Stats
  • This quiz has been taken 161 times
  • The average score is 9 of 15
Answer Stats
Score (The lower the worse) Country % Correct
1.08 North Korea
96%
1.13 Democratic Republic of the Congo
82%
1.43 Syria
75%
1.95 Yemen
75%
2.08 Saudi Arabia
73%
1.55 Chad
69%
1.951 Libya
62%
1.32 Central African Republic
58%
1.72 Turkmenistan
57%
2.15 Eritrea
56%
1.94 Tajikistan
45%
2.12 Uzbekistan
43%
1.77 Laos
42%
2.14 Burundi
35%
1.92 Equatorial Guinea
25%
No matching quizzes found
Score Distribution
Percent of People with Each Score
Percentile by Number Answered
Your Score History
You have not taken this quiz